| Tag |
First Indicator |
Second Indicator |
Subfields |
| LEADER |
00000cam a2200000 a 4500 |
| 001 |
in00000090456 |
| 005 |
20151008063716.0 |
| 008 |
820115s1979 enk b 00011 eng |
| 010 |
|
|
|a 81109305
|
| 015 |
|
|
|a GB80-26065
|
| 020 |
|
|
|a 0704328275 :
|c 6.50
|
| 035 |
|
|
|a (OCoLC)08242702
|
| 035 |
|
|
|9 AAK2780AM
|
| 039 |
0 |
|
|a 2
|b 3
|c 3
|d 3
|e 3
|
| 040 |
|
|
|a DLC
|c DLC
|d TXA
|d UtOrBLW
|
| 049 |
|
|
|a TXAM
|c [387479]
|
| 050 |
0 |
0 |
|a PS1294.C63
|b P67 1979
|
| 082 |
0 |
|
|a 813/.4
|2 19
|
| 100 |
1 |
|
|a Chopin, Kate,
|d 1850-1904.
|
| 245 |
1 |
0 |
|a Portraits :
|b short stories /
|c Kate Chopin ; selected and introduced by Helen Taylor.
|
| 264 |
|
1 |
|a London :
|b Women's Press :
|c 1979.
|
| 264 |
|
2 |
|a London :
|b Distributed by Horizon press,
|
| 300 |
|
|
|a xxiii, 213 pages ;
|c 21 cm.
|
| 336 |
|
|
|a text
|b txt
|2 rdacontent
|
| 337 |
|
|
|a unmediated
|b n
|2 rdamedia
|
| 338 |
|
|
|a volume
|b nc
|2 rdacarrier
|
| 504 |
|
|
|a Bibliography: pages xxi.
|
| 700 |
1 |
|
|a Taylor, Helen,
|d 1831-1907.
|
| 999 |
|
|
|a MARS
|
| 999 |
f |
f |
|s 217b238a-2ffb-3ecb-aab8-99e990fb3783
|i a1b4c2e5-9beb-3d10-ba32-ba75bc88fa40
|t 0
|
| 952 |
f |
f |
|p ric
|a Texas A&M University
|b Rellis Campus
|c Joint Library Facility
|d Remote Storage
|t 0
|e PS1294.C63 P67 1979
|h Library of Congress classification
|i unmediated -- volume
|m A14806189469
|
| 998 |
f |
f |
|a PS1294.C63 P67 1979
|t 0
|l Remote Storage
|